000 00685nam a2200241 4500
001 15979
003 BD-RjUL
005 20211208235927.0
008 140211s1960 nyua b 001 0 eng
035 _a(BD-RjUL)16034
040 _aDLC
_cDLC
_dDLC
_dBD-RjUL
_beng
041 _aeng
082 0 0 _a659.111
_bHAN 1960
245 1 0 _aHandbook of public relations /
_cedited by Howard Stephenson
260 _aNew York :
_bMcGraw-Hill,
_cc1960.
300 _axiii, 855 p. :
_bill. ;
_c24 cm.
504 _aIncludes bibliography and index.
650 0 _aPublic relations.
_949501
700 _aStephenson, Howard,
_949502
942 _2ddc
_cBK
999 _c15979
_d15979